[Event "Satka Autumn op (Women)"]
[Site "Satka"]
[Date "2022.09.06"]
[Round "8"]
[White "Mokeeva, Zlata"]
[Black "Komissarova, Soigina"]
[Result "0-1"]
[WhiteElo "1388"]
[BlackElo "1841"]
[PlyCount "102"]
[EventDate "2022.08.30"]
[EventType "swiss"]
[EventRounds "9"]
[EventCountry "RUS"]
[SourceTitle "CBM 210 Extra"]
[Source "ChessBase"]
[SourceDate "2022.11.30"]
[SourceVersion "1"]
[SourceVersionDate "2022.11.30"]
[SourceQuality "1"]

1. e4 c5 2. Nf3 Nc6 3. d4 cxd4 4. Nxd4 Nf6 5. Nc3 e5 6. Ndb5 d6 7. Nd5 Nxd5 8. exd5 Nb8 9. a4 a6 10. Na3 Be7 11. Nc4 Bf5 12. Be2 0-0 13. 0-0 Nd7 14. a5 Bg6 15. Be3 f5 16. f4 Rc8 17. Qd2 e4 18. Ra3 Bf7 19. h3 h5 20. g3 Qc7 21. h4 Qb8 22. Rd1 Bd8 23. Nb6 Nxb6 24. axb6 Bf6 25. c4 Rcd8 26. b4 Rd7 27. Rc1 Qd8 28. Bd1 Qc8 29. Ba4 Rdd8 30. Bb3 Qd7 31. Rd1 Be7 32. Raa1 Rc8 33. Rac1 Rfd8 34. Qc2 Qe8 35. c5 Qb5 36. Ba4 Qxb4 37. Rb1 Qa3 38. Bd4 Qxg3+ 39. Qg2 Qxg2+ 40. Kxg2 dxc5 41. Be5 Bd6 42. Rbc1 c4 43. Rd4 Bxe5 44. fxe5 Rxd5 45. Rxd5 Bxd5 46. Rd1 Bc6 47. Bxc6 Rxc6 48. Rd8+ Kf7 49. Rd7+ Ke6 50. Rxg7 Kxe5 51. Rxb7 Rc8 0-1

[Event "Satka Autumn op (Women)"]
[Site "Satka"]
[Date "2022.08.31"]
[Round "2"]
[White "Shamsutdinova, Karina"]
[Black "Mokeeva, Zlata"]
[Result "1/2-1/2"]
[WhiteElo "1779"]
[BlackElo "1388"]
[PlyCount "103"]
[EventDate "2022.08.30"]
[EventType "swiss"]
[EventRounds "9"]
[EventCountry "RUS"]
[SourceTitle "CBM 210 Extra"]
[Source "ChessBase"]
[SourceDate "2022.11.30"]
[SourceVersion "1"]
[SourceVersionDate "2022.11.30"]
[SourceQuality "1"]

1. d4 d5 2. Nf3 Nf6 3. c4 dxc4 4. g3 c6 5. Bg2 Bf5 6. 0-0 Nbd7 7. Nh4 e6 8. Nxf5 exf5 9. Qc2 g6 10. Qxc4 Bg7 11. e3 0-0 12. Bd2 Ne4 13. Bc3 Ndf6 14. Nd2 Nxd2 15. Bxd2 Ne4 16. Bc3 Qd5 17. Qb3 Qxb3 18. axb3 a6 19. Bb4 Rfe8 20. Rfd1 Rad8 21. Rac1 Bf8 22. Bc3 Bg7 23. Bf1 Rd7 24. Bd3 h5 25. Kg2 Bh6 26. Re1 Kf8 27. Rcd1 Kg8 28. Ba5 Rd5 29. Bb4 Bg7 30. f3 Nf6 31. Bc3 Rd6 32. e4 fxe4 33. fxe4 Rde6 34. Kf3 Ng4 35. h3 Nf6 36. g4 hxg4+ 37. hxg4 Nd7 38. Bc4 R6e7 39. d5 Bxc3 40. bxc3 Ne5+ 41. Kf4 g5+ 42. Kg3 Nxc4 43. bxc4 Rxe4 44. Rxe4 Rxe4 45. d6 Re3+ 46. Kf2 Re8 47. c5 Kf8 48. Rb1 Re5 49. Rxb7 Ke8 50. Rb8+ Kd7 51. Rb7+ Ke8 52. Rb8+ 1/2-1/2